[Event "DEM U14w 2020"]
[Site "Willingen GER"]
[Date "2020.10.23"]
[Round "6"]
[White "Zhou, Lepu Coco"]
[Black "Pohle, Saskia"]
[Result "0-1"]
[Termination "normal"]
[Board "1"]
[WhiteElo "1872"]
[BlackElo "1749"]
[WhiteClock "00:13:31"]
[BlackClock "00:27:10"]
[PlyCount "134"]
[WhiteFideId "16217136"]
[BlackFideId "16201604"]
[EventCountry "GER"]
[EventRounds "7"]
[EventType "swiss"]
[EventDate "2020.10.19"]

1. e4 {[%clk 1:30:57]} c5 {[%clk 1:30:55]} 2. Nf3 {[%clk 1:31:22]} d6 {[%clk
1:31:22]} 3. d4 {[%clk 1:31:44]} cxd4 {[%clk 1:31:47]} 4. Qxd4 {[%clk 1:32:08]}
Nc6 {[%clk 1:32:12]} 5. Bb5 {[%clk 1:32:30]} Bd7 {[%clk 1:32:36]} 6. Bxc6
{[%clk 1:32:52]} Bxc6 {[%clk 1:33:01]} 7. Nc3 {[%clk 1:33:13]} Nf6 {[%clk
1:33:25]} 8. Bg5 {[%clk 1:33:32]} e6 {[%clk 1:33:50]} 9. O-O-O {[%clk 1:33:53]}
Be7 {[%clk 1:34:15]} 10. Qd3 {[%clk 1:34:13]} Qa5 {[%clk 1:34:30]} 11. h4
{[%clk 1:34:32]} h6 {[%clk 1:34:56]} 12. Be3 {[%clk 1:30:25]} Qc7 {[%clk
1:33:11]} 13. Nd4 {[%clk 1:30:16]} a6 {[%clk 1:33:33]} 14. f4 {[%clk 1:29:19]}
O-O-O {[%clk 1:33:43]} 15. f5 {[%clk 1:28:33]} Bd7 {[%clk 1:34:06]} 16. Rhe1
{[%clk 1:25:21]} e5 {[%clk 1:31:04]} 17. Nb3 {[%clk 1:24:52]} Bc6 {[%clk
1:31:27]} 18. Nd5 {[%clk 1:07:01]} Nxd5 {[%clk 1:31:12]} 19. exd5 {[%clk
1:07:21]} Bb5 {[%clk 1:31:08]} 20. Qe4 {[%clk 1:07:38]} Kb8 {[%clk 1:30:13]}
21. a4 {[%clk 1:02:05]} Bd7 {[%clk 1:28:24]} 22. a5 {[%clk 1:02:25]} Rc8 {[%clk
1:28:23]} 23. Bf2 {[%clk 0:53:00]} Qc4 {[%clk 1:27:25]} 24. Nd2 {[%clk
0:43:26]} Qxe4 {[%clk 1:24:04]} 25. Nxe4 {[%clk 0:43:29]} Bxf5 {[%clk 1:23:41]}
26. Nc3 {[%clk 0:42:50]} Bd8 {[%clk 1:14:44]} 27. Rf1 {[%clk 0:42:45]} Bxa5
{[%clk 1:11:06]} 28. Be1 {[%clk 0:40:19]} Bg4 {[%clk 1:08:49]} 29. Rd3 {[%clk
0:39:45]} f5 {[%clk 1:08:39]} 30. Rg3 {[%clk 0:35:03]} Bd8 {[%clk 1:02:32]} 31.
Rxg4 {[%clk 0:31:16]} fxg4 {[%clk 1:02:45]} 32. Ne4 {[%clk 0:31:38]} Be7 {[%clk
0:51:04]} 33. Rf7 {[%clk 0:31:43]} Rc4 {[%clk 0:50:54]} 34. Nd2 {[%clk
0:30:44]} Rc7 {[%clk 0:51:03]} 35. Rxg7 {[%clk 0:30:53]} h5 {[%clk 0:49:43]}
36. Ne4 {[%clk 0:29:33]} Bf8 {[%clk 0:48:10]} 37. Rg6 {[%clk 0:29:26]} Rh6
{[%clk 0:44:52]} 38. Rg8 {[%clk 0:29:32]} Rc8 {[%clk 0:45:01]} 39. Bd2 {[%clk
0:29:37]} Rh7 {[%clk 0:44:35]} 40. Ng5 {[%clk 0:29:19]} Rhc7 {[%clk 0:43:55]}
41. Bb4 {[%clk 0:18:15]} Rxc2+ {[%clk 0:42:54]} 42. Kb1 {[%clk 0:18:34]} R2c4
{[%clk 0:38:40]} 43. Ba3 {[%clk 0:18:41]} Ka7 {[%clk 0:29:58]} 44. b3 {[%clk
0:17:22]} Rc3 {[%clk 0:29:21]} 45. Bb2 {[%clk 0:16:49]} Be7 {[%clk 0:24:07]}
46. Rg7 {[%clk 0:16:39]} R3c7 {[%clk 0:23:03]} 47. Ne6 {[%clk 0:16:53]} Rd7
{[%clk 0:19:19]} 48. Bc1 {[%clk 0:16:00]} b5 {[%clk 0:15:25]} 49. Bg5 {[%clk
0:15:49]} Re8 {[%clk 0:15:42]} 50. Be3+ {[%clk 0:09:02]} Kb8 {[%clk 0:14:00]}
51. Rh7 {[%clk 0:08:52]} Rb7 {[%clk 0:13:30]} 52. Rxh5 {[%clk 0:08:47]} Rc8
{[%clk 0:13:01]} 53. Kb2 {[%clk 0:08:23]} a5 {[%clk 0:12:11]} 54. Bg5 {[%clk
0:05:57]} Rg8 {[%clk 0:09:55]} 55. Bd2 {[%clk 0:02:10]} a4 {[%clk 0:09:47]} 56.
Rh6 {[%clk 0:01:35]} Ka8 {[%clk 0:01:05]} 57. h5 {[%clk 0:01:08]} e4 {[%clk
0:00:49]} 58. Bc3 {[%clk 0:29:45]} e3 {[%clk 0:30:03]} 59. Rg6 {[%clk 0:17:54]}
Rxg6 {[%clk 0:26:51]} 60. hxg6 {[%clk 0:18:16]} b4 {[%clk 0:27:00]} 61. Be1
{[%clk 0:16:33]} Bf6+ {[%clk 0:27:00]} 62. Kc2 {[%clk 0:15:00]} a3 {[%clk
0:26:48]} 63. g7 {[%clk 0:13:27]} Bxg7 {[%clk 0:27:13]} 64. Nxg7 {[%clk
0:13:51]} Rxg7 {[%clk 0:27:21]} 65. Bxb4 {[%clk 0:14:15]} Rc7+ {[%clk 0:27:08]}
66. Kb1 {[%clk 0:13:28]} e2 {[%clk 0:27:05]} 67. Ka2 {[%clk 0:13:31]} Rc1
{[%clk 0:27:10]} 0-1

[Event "DEM U14w 2020"]
[Site "Willingen GER"]
[Date "2020.10.23"]
[Round "6"]
[White "Becker, Linda"]
[Black "Wagner, Margarethe"]
[Result "1/2-1/2"]
[Termination "normal"]
[Board "3"]
[WhiteElo "1767"]
[BlackElo "1804"]
[WhiteClock "00:07:03"]
[BlackClock "00:26:17"]
[PlyCount "82"]
[WhiteFideId "16244753"]
[BlackFideId "16236947"]
[EventCountry "GER"]
[EventRounds "7"]
[EventType "swiss"]
[EventDate "2020.10.19"]

1. e4 {[%clk 1:30:57]} c5 {[%clk 1:30:55]} 2. Nc3 {[%clk 1:31:21]} Nc6 {[%clk
1:29:55]} 3. Bb5 {[%clk 1:30:56]} Nd4 {[%clk 1:28:50]} 4. f4 {[%clk 1:30:12]}
e6 {[%clk 1:26:40]} 5. Nf3 {[%clk 1:26:14]} Nxb5 {[%clk 1:22:31]} 6. Nxb5
{[%clk 1:26:35]} a6 {[%clk 1:22:12]} 7. Nc3 {[%clk 1:26:46]} Be7 {[%clk
1:18:06]} 8. O-O {[%clk 1:24:56]} b5 {[%clk 1:15:38]} 9. d3 {[%clk 1:19:59]}
Bb7 {[%clk 1:14:50]} 10. Bd2 {[%clk 1:15:19]} d5 {[%clk 1:12:03]} 11. exd5
{[%clk 1:14:28]} exd5 {[%clk 1:06:24]} 12. Re1 {[%clk 1:11:58]} Nf6 {[%clk
0:58:41]} 13. Qe2 {[%clk 1:10:44]} d4 {[%clk 0:56:43]} 14. Nd1 {[%clk 1:06:54]}
Bxf3 {[%clk 0:54:27]} 15. Qxf3 {[%clk 1:03:59]} O-O {[%clk 0:54:01]} 16. Nf2
{[%clk 1:02:57]} Re8 {[%clk 0:50:34]} 17. Re2 {[%clk 0:58:42]} Qd5 {[%clk
0:45:29]} 18. Ne4 {[%clk 0:55:37]} Nxe4 {[%clk 0:44:14]} 19. Rxe4 {[%clk
0:54:57]} Qd7 {[%clk 0:37:17]} 20. Rae1 {[%clk 0:51:23]} Bd6 {[%clk 0:31:28]}
21. f5 {[%clk 0:44:09]} Rxe4 {[%clk 0:28:36]} 22. Qxe4 {[%clk 0:42:43]} Rb8
{[%clk 0:26:26]} 23. Bg5 {[%clk 0:33:46]} Qc7 {[%clk 0:22:52]} 24. h3 {[%clk
0:29:42]} c4 {[%clk 0:20:33]} 25. f6 {[%clk 0:27:49]} cxd3 {[%clk 0:14:14]} 26.
cxd3 {[%clk 0:27:37]} g6 {[%clk 0:11:16]} 27. Bh6 {[%clk 0:25:52]} Qd7 {[%clk
0:11:00]} 28. Kh1 {[%clk 0:24:48]} Bg3 {[%clk 0:10:05]} 29. Re2 {[%clk
0:21:24]} a5 {[%clk 0:10:11]} 30. Bf4 {[%clk 0:18:47]} Bxf4 {[%clk 0:10:21]}
31. Qxf4 {[%clk 0:19:09]} Qd8 {[%clk 0:10:16]} 32. Re4 {[%clk 0:18:07]} Rb6
{[%clk 0:08:45]} 33. Re7 {[%clk 0:16:31]} Re6 {[%clk 0:07:35]} 34. Qh4 {[%clk
0:13:43]} Qf8 {[%clk 0:06:24]} 35. Rxe6 {[%clk 0:11:53]} fxe6 {[%clk 0:06:49]}
36. Qxd4 {[%clk 0:12:07]} Kf7 {[%clk 0:06:11]} 37. Qd7+ {[%clk 0:11:37]} Kxf6
{[%clk 0:06:20]} 38. Qxb5 {[%clk 0:11:42]} Qd8 {[%clk 0:04:38]} 39. Qc4 {[%clk
0:10:47]} Qb6 {[%clk 0:03:33]} 40. Qc3+ {[%clk 0:07:52]} e5 {[%clk 0:02:07]}
41. b3 {[%clk 0:07:03]} Qf2 {[%clk 0:26:17]} 1/2-1/2

[Event "DEM U14w 2020"]
[Site "Willingen GER"]
[Date "2020.10.23"]
[Round "6"]
[White "Sereda, Yaroslava"]
[Black "Hubert, Charlotte"]
[Result "1/2-1/2"]
[Termination "normal"]
[Board "4"]
[WhiteElo "1756"]
[BlackElo "1438"]
[WhiteClock "00:02:15"]
[BlackClock "00:04:52"]
[PlyCount "60"]
[WhiteFideId "14178940"]
[BlackFideId "16265920"]
[EventCountry "GER"]
[EventRounds "7"]
[EventType "swiss"]
[EventDate "2020.10.19"]

1. e4 {[%clk 1:30:54]} c5 {[%clk 1:30:42]} 2. Nf3 {[%clk 1:31:15]} d6 {[%clk
1:30:59]} 3. Bb5+ {[%clk 1:31:20]} Nd7 {[%clk 1:30:55]} 4. c3 {[%clk 1:30:40]}
a6 {[%clk 1:29:41]} 5. Ba4 {[%clk 1:30:29]} Ngf6 {[%clk 1:28:04]} 6. Qe2 {[%clk
1:28:18]} b5 {[%clk 1:25:33]} 7. Bc2 {[%clk 1:28:18]} Bb7 {[%clk 1:21:26]} 8.
O-O {[%clk 1:27:04]} e5 {[%clk 1:16:19]} 9. d4 {[%clk 1:25:18]} cxd4 {[%clk
1:14:08]} 10. cxd4 {[%clk 1:25:41]} Be7 {[%clk 1:12:17]} 11. Rd1 {[%clk
1:24:18]} Qc7 {[%clk 1:10:36]} 12. Bg5 {[%clk 1:09:25]} O-O {[%clk 1:07:08]}
13. a3 {[%clk 1:02:29]} h6 {[%clk 1:02:13]} 14. Bh4 {[%clk 1:01:30]} Rfe8
{[%clk 0:56:45]} 15. Nc3 {[%clk 0:44:09]} Nf8 {[%clk 0:49:02]} 16. Bxf6 {[%clk
0:40:03]} Bxf6 {[%clk 0:48:08]} 17. Bb3 {[%clk 0:34:58]} Ne6 {[%clk 0:39:23]}
18. dxe5 {[%clk 0:28:17]} dxe5 {[%clk 0:36:25]} 19. Rac1 {[%clk 0:27:11]} Qb6
{[%clk 0:32:59]} 20. Rd7 {[%clk 0:23:34]} Rad8 {[%clk 0:24:30]} 21. Rcd1 {[%clk
0:15:42]} Rxd7 {[%clk 0:17:49]} 22. Rxd7 {[%clk 0:16:06]} Rd8 {[%clk 0:15:58]}
23. Qd1 {[%clk 0:14:56]} Rxd7 {[%clk 0:13:33]} 24. Qxd7 {[%clk 0:15:21]} Qc6
{[%clk 0:12:36]} 25. Qd1 {[%clk 0:06:17]} Nd4 {[%clk 0:07:31]} 26. Bd5 {[%clk
0:04:27]} Qd7 {[%clk 0:06:45]} 27. Bxb7 {[%clk 0:04:05]} Qxb7 {[%clk 0:07:10]}
28. Nd5 {[%clk 0:04:20]} Qa7 {[%clk 0:06:45]} 29. Qd3 {[%clk 0:04:03]} Qc5
{[%clk 0:06:17]} 30. Qd2 {[%clk 0:02:15]} Qc4 {[%clk 0:04:52]} 1/2-1/2